Color Quiz - Statistics

General Stats
  • This quiz has been taken 88 times
  • The average score is 10 of 12
Answer Stats
Picture Answer % Correct
Blue
100%
Orange
100%
Yellow
100%
Green
97%
Black
95%
Purple
92%
Pink
90%
Red
90%
White
88%
Brown
87%
Grey
82%
Teal
27%
No matching quizzes found
Score Distribution
Percent of People with Each Score
Percentile by Number Answered
Your Score History
You have not taken this quiz